Statistics for Cricket: Leading Australian Test Batsmen A-Z

Click here to take the quiz!

General Stats

  • This quiz has been taken 481 times
  • The average score is 9 of 24

Answer Stats

letterrunsplayer% Correct
P13,378Ricky Ponting
96%
W10,927Steve Waugh
85%
B11,174Allan Border
83%
H8625Matthew Hayden
82%
C8643Michael Clarke
76%
S5370Steven Smith
76%
L7696Justin Langer
73%
G5570Adam Gilchrist
70%
T7525Mark Taylor
54%
M4406Damien Martyn
43%
J3631Dean Jones
38%
Y2756Graham Yallop
32%
K4188Simon Katich
27%
Q9Rob Quiney
21%
Z246Tim Zoehrer
20%
R4737Ian Redpath
13%
A2863Warwick Armstrong
12%
O2779Norm O'Neill
10%
N1171Marcus North
9%
E1172Matthew Elliott
8%
V813Tom Veivers
8%
F1189Jack Fingleton
6%
D1657Joe Darling
6%
I807Frank Iredale
5%

Score Distribution

Percentile by Number Answered

Percent of People with Each Score

Your Score History

You have not taken this quiz